Statistics for Longest Country Names with No More than 2 Different Vowels

Click here to take the quiz!

General Stats

  • This quiz has been taken 76 times
  • The average score is 6 of 15

Answer Stats

LettersCountry% Correct
10Kazakhstan
87%
10Kyrgyzstan
76%
11Afghanistan
70%
10Madagascar
67%
10Tajikistan
57%
13Liechtenstein
39%
15Marshall Islands
39%
10New Zealand
37%
11Philippines
37%
11Netherlands
33%
10Bangladesh
30%
10Montenegro
24%
10Seychelles
17%
9Swaziland
17%
9Cape Verde
4%

Score Distribution

Percentile by Number Answered

Percent of People with Each Score

Your Score History

You have not taken this quiz